Statystyki dla Źródła energii odnawialnej

Kliknij tutaj aby rozwiązać quiz!

Ogólne statystyki

  • Ten quiz został rozwiązany 4 razy
  • Średni wynik to 5 z 6

Statystyki odpowiedzi

Odnawialne% Poprawnych
Energia geotermalna
100%
Energia słoneczna
100%
Energia wiatru
100%
Biogaz
75%
Energia wód
75%
Biomasa
50%

Rozkład punktacji

Percentyl według liczby udzielonych odpowiedzi

Procent ludzi z każdym wynikiem

Twoja historia wyników

Nie rozwiązałeś tego quizu